000 00562nam a2200217Ii 4500
003 JO-AjNU
008 230606s9999||||xx |||||||||||||| ||und||
020 _a81-224-1628-4
040 _aJO-AjNU
_beng
_erda
_cJO-AjNU
041 _aeng
050 1 4 _aTA545.2005
100 3 _aم,
_eauthor
_93885
245 0 0 _aHigher Surveying
250 _a2 ed
264 3 1 _aNew Delhi: New age,2005
300 _a405p
336 _atext
_btxt
_2rdacontent
337 _aunmediated
_bn
_2rdamedia
338 _avolume
_bnc
_2rdacarrier
650 4 _aHigher Surveying
_93886
999 _aE2026
_c2025
_d2025